[Event "Titled Tuesday intern op 23rd Nov"]
[Site "Chess.com INT"]
[Date "2021.11.23"]
[Round "2"]
[White "Kuba, Jindrich"]
[Black "Nestorovic, Nikola"]
[Result "1-0"]
[WhiteElo "2287"]
[BlackElo "2469"]
[PlyCount "129"]
[EventDate "2021.11.23"]
[EventType "swiss (blitz)"]
[EventRounds "11"]
[EventCountry "USA"]
[SourceTitle "CBM 205 Extra"]
[Source "ChessBase"]
[SourceDate "2022.01.31"]
[SourceVersion "1"]
[SourceVersionDate "2022.01.31"]
[SourceQuality "1"]

1. e4 c5 2. Nf3 Nc6 3. d4 cxd4 4. Nxd4 e5 5. Nb5 d6 6. c4 Be6 7. b3 Nf6 8. N5c3 g6 9. Be2 Bg7 10. 0-0 0-0 11. Nd2 Rc8 12. Bb2 a6 13. Nf3 Nh5 14. g3 Kh8 15. Qd2 Bg4 16. Rfe1 f5 17. exf5 gxf5 18. Nd5 f4 19. Nh4 Bxe2 20. Qxe2 Nf6 21. Nf5 Nxd5 22. Nxg7 Kxg7 23. cxd5 Nb4 24. Qg4+ Kh8 25. Rxe5 dxe5 26. Bxe5+ Rf6 27. Qxf4 Nxd5 28. Qd4 Kg8 29. Rd1 Rg6 30. Qxd5+ Qxd5 31. Rxd5 Re6 32. Bd4 Rc2 33. a4 Kf7 34. Kg2 Rd2 35. Kf3 Re7 36. Rd6 Rd3+ 37. Kg2 Rxb3 38. Rf6+ Ke8 39. h4 Rb4 40. Bc5 Rxa4 41. Bxe7 Kxe7 42. Rb6 Rd4 43. Rxb7+ Rd7 44. Rb6 Ra7 45. Rh6 Kf8 46. Rh5 a5 47. Rf5+ Kg7 48. Rf3 a4 49. Ra3 Kf6 50. g4 Ke5 51. Kg3 Kd4 52. Kf4 Kc4 53. Kg5 Kb4 54. Ra1 Rg7+ 55. Kh5 Rf7 56. Kh6 Rxf2 57. Kxh7 Rf4 58. Rg1 a3 59. h5 a2 60. g5 Rf5 61. Kh6 Kc5 62. g6 Rf6 63. Kh7 Rb6 64. Ra1 Ra6 65. g7 1-0

[Event "CZE-chT1W 1920"]
[Site "Czech Republic"]
[Date "2020.06.13"]
[Round "10.6"]
[White "Kuba, Jindrich"]
[Black "Bulockin, Martin"]
[Result "1/2-1/2"]
[WhiteElo "2295"]
[BlackElo "2104"]
[PlyCount "183"]
[EventDate "2019.10.20"]
[EventType "team-tourn"]
[EventRounds "11"]
[EventCountry "CZE"]
[SourceTitle "EXT 2021"]
[Source "ChessBase"]
[SourceDate "2020.10.23"]
[SourceVersion "1"]
[SourceVersionDate "2020.10.23"]
[SourceQuality "1"]
[WhiteTeam "Unichess"]
[BlackTeam "Polabiny II"]
[WhiteTeamCountry "CZE"]
[BlackTeamCountry "CZE"]

1. e4 c5 2. Nf3 Nc6 3. d4 cxd4 4. Nxd4 g6 5. Nxc6 bxc6 6. Qd4 Nf6 7. e5 Nd5 8. e6 Nf6 9. exf7+ Kxf7 10. Qc4+ e6 11. Nc3 Bb7 12. Qb3 Qb6 13. Be3 Qb4 14. 0-0-0 d5 15. Qxb4 Bxb4 16. Na4 Be7 17. f4 Nd7 18. c4 Rhd8 19. c5 Bf6 20. Be2 Rf8 21. Rhe1 Rae8 22. Bg4 Ba6 23. Kc2 Re7 24. Bf2 Rfe8 25. Nc3 Nf8 26. Rd2 e5 27. fxe5 Rxe5 28. Rxe5 Bxe5 29. h3 h5 30. Bf3 Ne6 31. h4 Rd8 32. b4 Bc4 33. Be2 Bxc3 34. Kxc3 Bxe2 35. Rxe2 Nf4 36. Re5 Nxg2 37. Bg3 Ne3 38. b5 cxb5 39. c6 Nf5 40. Bf4 Rc8 41. Rxd5 Rxc6+ 42. Kb3 a6 43. Bg5 Ke6 44. Rd8 Ke5 45. Re8+ Kd5 46. Ra8 Ke4 47. Re8+ Kd3 48. Rd8+ Nd4+ 49. Kb2 a5 50. Kb1 a4 51. a3 Re6 52. Kb2 Kc4 53. Rc8+ Nc6 54. Bd2 Kd5 55. Rg8 Ne5 56. Bb4 Nf3 57. Rc8 Ke4 58. Rb8 Re5 59. Bd6 Rd5 60. Be7 Kf4 61. Rb6 g5 62. Rf6+ Rf5 63. hxg5 Nxg5 64. Rd6 Ne4 65. Rd4 Ke3 66. Rd8 Rf2+ 67. Kc1 Rf7 68. Bh4 Kf4 69. Rg8 Kf3 70. Bd8 Rf5 71. Kc2 Rc5+ 72. Kd3 Rd5+ 73. Kc2 Nd6 74. Be7 Nf5 75. Rf8 Ke4 76. Bf6 Ne3+ 77. Kc3 Rd3+ 78. Kb4 Rb3+ 79. Kc5 Nc4 80. Rh8 Nxa3 81. Rxh5 Nc2 82. Rh2 Ne3 83. Rb2 Kd3 84. Rxb3+ axb3 85. Kxb5 Nd5 86. Ba1 Ne3 87. Ka4 Kc2 88. Kb4 Nd5+ 89. Kc4 Nf4 90. Bh8 Nd3 91. Bg7 Nf2 92. Bh8 1/2-1/2

[Event "CZE-chT1W 1920"]
[Site "Czech Republic"]
[Date "2019.12.08"]
[Round "4.3"]
[White "Vyprachticky, David"]
[Black "Kuba, Jindrich"]
[Result "0-1"]
[WhiteElo "2250"]
[BlackElo "2295"]
[PlyCount "104"]
[EventDate "2019.10.20"]
[EventType "team-tourn"]
[EventRounds "11"]
[EventCountry "CZE"]
[SourceTitle "CBM 193 Extra"]
[Source "ChessBase"]
[SourceDate "2020.01.31"]
[SourceVersion "1"]
[SourceVersionDate "2020.01.31"]
[SourceQuality "1"]
[WhiteTeam "Praha Oaza"]
[BlackTeam "Unichess"]
[WhiteTeamCountry "CZE"]
[BlackTeamCountry "CZE"]

1. e4 c5 2. Nf3 e6 3. Nc3 d6 4. d4 cxd4 5. Nxd4 Nf6 6. Be2 Be7 7. 0-0 0-0 8. f4 e5 9. Nb3 Bd7 10. Kh1 Bc6 11. Bf3 Na6 12. Qe2 Nc7 13. Rd1 Qc8 14. a4 Re8 15. Na5 Ne6 16. Nxc6 bxc6 17. fxe5 dxe5 18. Be3 Qb7 19. Qc4 a5 20. Ne2 Rab8 21. b3 Qc7 22. c3 Rb7 23. Nc1 Reb8 24. Ra2 h6 25. g3 Ng5 26. Bg2 Qc8 27. h4 Ngxe4 28. Bxe4 Qg4 29. Bh7+ Kxh7 30. Qxg4 Nxg4 31. Re2 Ba3 32. Bg1 Bxc1 33. Rxc1 Rxb3 34. Re4 h5 35. Rc4 Rb1 36. Rxb1 Rxb1 37. Kg2 f5 38. Rxc6 Rb2+ 39. Kf1 Ra2 40. c4 Rxa4 41. c5 Rc4 42. Ra6 e4 43. c6 Rc1+ 44. Kg2 e3 45. Bxe3 Nxe3+ 46. Kf3 Nd5 47. Rxa5 Ne7 48. Kf4 Rxc6 49. Kg5 Rg6+ 50. Kxh5 Rxg3 51. Ra6 Rf3 52. Rh6+ Kg8 0-1

[Event "CZE-chT1W 1920"]
[Site "Czech Republic"]
[Date "2019.11.10"]
[Round "2.2"]
[White "Sokolov, Alexander"]
[Black "Kuba, Jindrich"]
[Result "1-0"]
[WhiteElo "2362"]
[BlackElo "2295"]
[PlyCount "61"]
[EventDate "2019.10.20"]
[EventType "team-tourn"]
[EventRounds "11"]
[EventCountry "CZE"]
[SourceTitle "CBM 193 Extra"]
[Source "ChessBase"]
[SourceDate "2020.01.31"]
[SourceVersion "1"]
[SourceVersionDate "2020.01.31"]
[SourceQuality "1"]
[WhiteTeam "Pankrac"]
[BlackTeam "Unichess"]
[WhiteTeamCountry "CZE"]
[BlackTeamCountry "CZE"]

1. e4 c5 2. Nf3 e6 3. d4 cxd4 4. Nxd4 Nf6 5. Nc3 d6 6. Bc4 Nc6 7. Be3 Be7 8. Qe2 0-0 9. 0-0-0 a6 10. f4 Qc7 11. Nxc6 bxc6 12. g4 d5 13. g5 Nxe4 14. Nxe4 dxe4 15. h4 e5 16. Rhf1 Bh3 17. f5 Bxf1 18. Rxf1 g6 19. f6 Bd6 20. h5 Kh8 21. Rh1 Qd7 22. Qg2 Rg8 23. Qxe4 Bc7 24. hxg6 fxg6 25. Bc5 Rad8 26. b3 Qd2+ 27. Kb1 Qxg5 28. Bxg8 Kxg8 29. Qxc6 Bb8 30. Qe6+ Kh8 31. Qe7 1-0

[Event "CZE-chT1W 1920"]
[Site "Czech Republic"]
[Date "2019.10.20"]
[Round "1.6"]
[White "Plischki, Sebastian"]
[Black "Kuba, Jindrich"]
[Result "1/2-1/2"]
[WhiteElo "2391"]
[BlackElo "2295"]
[PlyCount "96"]
[EventDate "2019.10.20"]
[EventType "team-tourn"]
[EventRounds "11"]
[EventCountry "CZE"]
[SourceTitle "CBM 192 Extra"]
[Source "Chessbase"]
[SourceDate "2019.11.06"]
[SourceVersion "1"]
[SourceVersionDate "2019.11.06"]
[SourceQuality "1"]
[WhiteTeam "Praha DP EA Hotels"]
[BlackTeam "Unichess"]
[WhiteTeamCountry "CZE"]
[BlackTeamCountry "CZE"]

1. d4 Nf6 2. c4 e6 3. Nc3 Bb4 4. Qc2 d5 5. cxd5 exd5 6. Bg5 0-0 7. e3 h6 8. Bh4 Nbd7 9. Bd3 c5 10. Nge2 c4 11. Bf5 Nb6 12. 0-0 Bxf5 13. Qxf5 Qd7 14. Qf3 Be7 15. Bxf6 Bxf6 16. a4 a5 17. b3 Be7 18. Rfb1 Bb4 19. bxc4 dxc4 20. Qe4 Rfe8 21. Qc2 Nd5 22. Nxd5 Qxd5 23. Nc3 Qc6 24. Na2 Bd6 25. Rb5 b6 26. Rab1 Rab8 27. Nc3 Red8 28. e4 Rb7 29. e5 Bb4 30. d5 Qc8 31. d6 Qe6 32. h3 f6 33. f4 fxe5 34. fxe5 Rf7 35. Nd5 Bc5+ 36. Rxc5 bxc5 37. Ne7+ Rxe7 38. dxe7 Re8 39. Rb7 Rxe7 40. Rxe7 Qxe7 41. Qxc4+ Kf8 42. Qd5 g5 43. e6 Kg7 44. Qe5+ Kg6 45. g4 c4 46. Qe4+ Kf6 47. Qd4+ Kxe6 48. Qxc4+ Kf6 1/2-1/2

[Event "CZE-chT 1920"]
[Site "Czech Republic"]
[Date "2019.10.13"]
[Round "2.2"]
[White "Svanda, Ondrej"]
[Black "Kuba, Jindrich"]
[Result "1/2-1/2"]
[WhiteElo "2268"]
[BlackElo "2295"]
[PlyCount "42"]
[EventDate "2019.10.12"]
[EventType "team-tourn"]
[EventRounds "11"]
[EventCountry "CZE"]
[SourceTitle "EXT 2020"]
[Source "ChessBase"]
[SourceDate "2019.10.17"]
[SourceVersion "1"]
[SourceVersionDate "2019.10.17"]
[SourceQuality "1"]
[WhiteTeam "Brno Moravska Slavia"]
[BlackTeam "Unichess"]
[WhiteTeamCountry "CZE"]
[BlackTeamCountry "CZE"]

1. e4 c5 2. Nf3 e6 3. d4 cxd4 4. Nxd4 Nf6 5. Nc3 d6 6. g4 h6 7. Rg1 Nc6 8. Be3 d5 9. exd5 Nxd5 10. Nxd5 Qxd5 11. c3 Nxd4 12. Qxd4 Qxd4 13. Bxd4 Bd7 14. Bg2 Bc6 15. Bxc6+ bxc6 16. 0-0-0 c5 17. Be5 Rd8 18. Rxd8+ Kxd8 19. c4 h5 20. h3 hxg4 21. hxg4 Rh3 1/2-1/2

[Event "CZE-chT 1819"]
[Site "Czech Republic"]
[Date "2019.01.13"]
[Round "6.1"]
[White "Vlasak, Lukas"]
[Black "Kuba, Jindrich"]
[Result "1-0"]
[WhiteElo "2399"]
[BlackElo "2304"]
[PlyCount "93"]
[EventDate "2018.11.03"]
[EventType "team-tourn"]
[EventRounds "11"]
[EventCountry "CZE"]
[SourceTitle "CBM 188 Extra"]
[Source "ChessBase"]
[SourceDate "2019.02.28"]
[SourceVersion "1"]
[SourceVersionDate "2019.02.28"]
[SourceQuality "1"]
[WhiteTeam "Turnov Zikuda"]
[BlackTeam "Unichess II"]
[WhiteTeamCountry "CZE"]
[BlackTeamCountry "CZE"]

1. d4 Nf6 2. Nf3 e6 3. Bf4 d5 4. e3 Nbd7 5. Nbd2 Be7 6. Bd3 Nh5 7. Be5 Nxe5 8. dxe5 g6 9. c3 c5 10. g4 Ng7 11. h3 Bd7 12. Qe2 Qb6 13. 0-0-0 0-0-0 14. h4 h5 15. Ng5 Rdf8 16. gxh5 Nxh5 17. Rdg1 Qc7 18. Nxf7 Rxf7 19. Bxg6 Rff8 20. Bxh5 Qxe5 21. Bg4 Qf6 22. f4 Rxh4 23. Rxh4 Qxh4 24. Nf3 Qh6 25. Ne5 Be8 26. Qf3 Kb8 27. Rh1 Qg7 28. Qh3 Bd6 29. Qh6 Bxe5 30. Qxe6 Bc6 31. Qxe5+ Qxe5 32. fxe5 Re8 33. Rh5 Rg8 34. Rh4 Re8 35. e6 Kc7 36. b4 Kd6 37. Kd2 b6 38. Rh7 Re7 39. bxc5+ bxc5 40. Rh6 Bb7 41. Rh8 Kc7 42. Bh3 Bc8 43. Rh6 Kd6 44. c4 Bxe6 45. Kc3 dxc4 46. a4 Kd7 47. Rxe6 1-0

[Event "CZE-chT 1819"]
[Site "Czech Republic"]
[Date "2019.01.12"]
[Round "5.1"]
[White "Votava, Jan"]
[Black "Kuba, Jindrich"]
[Result "1/2-1/2"]
[WhiteElo "2527"]
[BlackElo "2304"]
[PlyCount "66"]
[EventDate "2018.11.03"]
[EventType "team-tourn"]
[EventRounds "11"]
[EventCountry "CZE"]
[SourceTitle "CBM 188 Extra"]
[Source "ChessBase"]
[SourceDate "2019.02.28"]
[SourceVersion "1"]
[SourceVersionDate "2019.02.28"]
[SourceQuality "1"]
[WhiteTeam "Pardubice"]
[BlackTeam "Unichess II"]
[WhiteTeamCountry "CZE"]
[BlackTeamCountry "CZE"]

1. d4 Nf6 2. Nf3 e6 3. Bf4 c5 4. c3 Nc6 5. e3 d5 6. Nbd2 cxd4 7. exd4 Be7 8. Bd3 0-0 9. 0-0 b6 10. Ne5 Bb7 11. Qf3 Nxe5 12. Bxe5 Nd7 13. Qh3 g6 14. Bf4 Bf6 15. Bh6 Re8 16. f4 a5 17. Nf3 Ba6 18. Ne5 Bxd3 19. Qxd3 Bg7 20. Bxg7 Kxg7 21. g4 Nxe5 22. fxe5 Qg5 23. Qg3 h5 24. Rf4 hxg4 25. Raf1 Ra7 26. Rxg4 Qd2 27. Qf3 Rh8 28. Rg2 Qh6 29. Qf6+ Kh7 30. Kh1 Qg7 31. Qh4+ Qh6 32. Qf6 Qg7 33. Qh4+ Qh6 1/2-1/2

[Event "Pardubice Czech op-E 29th"]
[Site "Pardubice"]
[Date "2018.07.15"]
[Round "7"]
[White "Cuhra, Martin"]
[Black "Kuba, Jindrich"]
[Result "1/2-1/2"]
[WhiteElo "2218"]
[BlackElo "2309"]
[PlyCount "60"]
[EventDate "2018.07.12"]
[EventType "team"]
[EventRounds "7"]
[EventCountry "CZE"]
[SourceTitle "EXT 2019"]
[Source "ChessBase"]
[SourceDate "2018.10.10"]
[SourceVersion "1"]
[SourceVersionDate "2018.10.10"]
[SourceQuality "1"]
[WhiteTeam "Praha Oaza"]
[BlackTeam "Unichess"]
[WhiteTeamCountry "CZE"]
[BlackTeamCountry "CZE"]

1. e4 c5 2. Nf3 e6 3. d4 cxd4 4. Nxd4 a6 5. Nc3 Qc7 6. g3 Bb4 7. Nde2 Be7 8. Bg2 Nc6 9. 0-0 Nf6 10. Be3 d6 11. Na4 b5 12. Nb6 Rb8 13. Nxc8 Rxc8 14. a4 b4 15. c4 0-0 16. h3 Nd7 17. b3 Rfd8 18. Rc1 Nc5 19. Nd4 Na5 20. Rb1 Bf6 21. Qc2 g6 22. Rfd1 Bg7 23. Ne2 Nc6 24. g4 e5 25. Rd5 Ne6 26. Rdd1 Ned4 27. Bxd4 Nxd4 28. Qd3 Qc5 29. Rf1 Re8 30. Rbd1 a5 1/2-1/2

[Event "CZE-chT1W 1718"]
[Site "Czech Republic"]
[Date "2018.04.15"]
[Round "11.3"]
[White "Matras, Ondrej"]
[Black "Kuba, Jindrich"]
[Result "0-1"]
[WhiteElo "2280"]
[BlackElo "2257"]
[PlyCount "102"]
[EventDate "2017.10.29"]
[EventType "team-tourn"]
[EventRounds "11"]
[EventCountry "CZE"]
[SourceTitle "EXT 2019"]
[Source "ChessBase"]
[SourceDate "2018.10.10"]
[SourceVersion "1"]
[SourceVersionDate "2018.10.10"]
[SourceQuality "1"]
[WhiteTeam "Pankrac"]
[BlackTeam "Unichess"]
[WhiteTeamCountry "CZE"]
[BlackTeamCountry "CZE"]

1. d4 Nf6 2. c4 e6 3. Nf3 b6 4. g3 Bb7 5. Bg2 Bb4+ 6. Bd2 Qe7 7. 0-0 Bxd2 8. Nbxd2 0-0 9. Re1 d6 10. e4 e5 11. d5 a5 12. Bh3 Nbd7 13. Nh4 g6 14. Qf3 Nc5 15. Qe3 Kh8 16. b3 c6 17. a3 Ncd7 18. b4 c5 19. b5 Bc8 20. Re2 Nh5 21. Rf1 Ndf6 22. Bxc8 Raxc8 23. h3 Rce8 24. Ndf3 Ng8 25. Ng5 Kg7 26. Ng2 h6 27. Nf3 g5 28. Nh2 Qd7 29. Ng4 f5 30. exf5 Qxf5 31. Qc3 Ngf6 32. Nxf6 Qxf6 33. Qc2 Nxg3 34. fxg3 Qxf1+ 35. Kh2 Qf5 36. Qd2 Qf3 37. Ne3 Rf7 38. g4 Ref8 39. Nf5+ Rxf5 40. gxf5 Rxf5 41. Qc2 Kf6 42. a4 h5 43. Rg2 g4 44. h4 Qf4+ 45. Kg1 g3 46. Qb1 Qd4+ 47. Kh1 Qxh4+ 48. Kg1 Qd4+ 49. Kh1 Qf4 50. Kg1 h4 51. Qe1 Qf2+ 0-1

[Event "CZE-chT2C 1718"]
[Site "Czech Republic"]
[Date "2017.12.17"]
[Round "5.2"]
[White "Havlik, Jan"]
[Black "Kuba, Jindrich"]
[Result "1/2-1/2"]
[WhiteElo "2404"]
[BlackElo "2261"]
[PlyCount "58"]
[EventDate "2017.10.15"]
[EventType "team-tourn"]
[EventRounds "11"]
[EventCountry "CZE"]
[SourceTitle "EXT 2022"]
[Source "ChessBase"]
[SourceDate "2021.10.06"]
[SourceVersion "1"]
[SourceVersionDate "2021.10.06"]
[SourceQuality "1"]
[WhiteTeam "Pisek"]
[BlackTeam "Unichess Vyletna"]
[WhiteTeamCountry "CZE"]
[BlackTeamCountry "CZE"]

1. e4 c5 2. Nf3 e6 3. d4 cxd4 4. Nxd4 Nf6 5. Nc3 d6 6. Bc4 Nc6 7. 0-0 Be7 8. Be3 0-0 9. f4 Nxe4 10. Nxc6 bxc6 11. Nxe4 d5 12. Bd3 dxe4 13. Bxe4 Bb7 14. Qxd8 Rfxd8 15. Rad1 g6 16. b3 Kf8 17. Kf2 Ke8 18. Ke2 Bb4 19. c4 h5 20. Rxd8+ Rxd8 21. g3 Be7 22. b4 a6 23. Rb1 Rd7 24. a4 Kd8 25. Bb6+ Kc8 26. c5 Rd4 27. Ke3 Bf6 28. Bf3 Rc4 29. Be4 Rc3+ 1/2-1/2

[Event "CZE-chT2B 1617"]
[Site "Czech Republic"]
[Date "2017.04.02"]
[Round "11.3"]
[White "Hadraba, Vladimir"]
[Black "Kuba, Jindrich"]
[Result "1/2-1/2"]
[WhiteElo "2195"]
[BlackElo "2263"]
[PlyCount "64"]
[EventDate "2016.10.09"]
[EventType "team-tourn"]
[EventRounds "11"]
[EventCountry "CZE"]
[SourceTitle "EXT 2022"]
[Source "ChessBase"]
[SourceDate "2021.10.06"]
[SourceVersion "1"]
[SourceVersionDate "2021.10.06"]
[SourceQuality "1"]
[WhiteTeam "Teplice"]
[BlackTeam "Bartos Unichess II"]
[WhiteTeamCountry "CZE"]
[BlackTeamCountry "CZE"]

1. e4 c5 2. Nf3 e6 3. d4 cxd4 4. Nxd4 a6 5. Bd3 Nf6 6. 0-0 Qc7 7. c4 Bc5 8. Nb3 Ba7 9. Qe2 Nc6 10. N1d2 Ne5 11. Nf3 d6 12. Nxe5 dxe5 13. Be3 Bxe3 14. Qxe3 Bd7 15. Rac1 0-0 16. Rc3 Bc6 17. Nc1 a5 18. Ne2 Rad8 19. Bc2 Rd7 20. f3 Rfd8 21. Rd3 Rxd3 22. Bxd3 Qd6 23. Rd1 Qb4 24. Qc1 Qc5+ 25. Kf1 g6 26. b3 Kg7 27. Bc2 Rxd1+ 28. Qxd1 Nd7 29. Qd2 Qa3 30. Bb1 b5 31. Qc3 Qd6 32. Qd3 Qc5 1/2-1/2

[Event "CZE-chT2B 1617"]
[Site "Czech Republic"]
[Date "2017.03.19"]
[Round "10.3"]
[White "Kuba, Jindrich"]
[Black "Schula, Michal"]
[Result "0-1"]
[WhiteElo "2263"]
[BlackElo "2316"]
[PlyCount "57"]
[EventDate "2016.10.09"]
[EventType "team-tourn"]
[EventRounds "11"]
[EventCountry "CZE"]
[SourceTitle "EXT 2022"]
[Source "ChessBase"]
[SourceDate "2021.10.06"]
[SourceVersion "1"]
[SourceVersionDate "2021.10.06"]
[SourceQuality "1"]
[WhiteTeam "Bartos Unichess II"]
[BlackTeam "Jicin IV"]
[WhiteTeamCountry "CZE"]
[BlackTeamCountry "CZE"]

1. d4 c5 2. d5 e5 3. dxe6 fxe6 4. e4 d5 5. Nf3 Nc6 6. Be2 Be7 7. 0-0 Nf6 8. e5 Nd7 9. Bf4 Nf8 10. Bg3 Bd7 11. c4 d4 12. Nbd2 Qc7 13. Ne4 Ng6 14. Nd6+ Bxd6 15. exd6 Qd8 16. h4 0-0 17. Bd3 Qe8 18. Ng5 h6 19. Ne4 b6 20. f4 e5 21. f5 Bxf5 22. h5 Nf4 23. Bxf4 exf4 24. Re1 Qd7 25. a3 Rae8 26. Qc2 Ne5 27. Nf2 Nxd3 28. Nxd3 Qxd6 29. Qd2 0-1

[Event "CZE-chT2B 1617"]
[Site "Czech Republic"]
[Date "2017.01.15"]
[Round "6.2"]
[White "Lastovka, Jan"]
[Black "Kuba, Jindrich"]
[Result "0-1"]
[WhiteElo "2079"]
[BlackElo "2263"]
[PlyCount "98"]
[EventDate "2016.10.09"]
[EventType "team-tourn"]
[EventRounds "11"]
[EventCountry "CZE"]
[SourceTitle "EXT 2022"]
[Source "ChessBase"]
[SourceDate "2021.10.06"]
[SourceVersion "1"]
[SourceVersionDate "2021.10.06"]
[SourceQuality "1"]
[WhiteTeam "Liberec Desko"]
[BlackTeam "Bartos Unichess II"]
[WhiteTeamCountry "CZE"]
[BlackTeamCountry "CZE"]

1. e4 c5 2. b3 Nc6 3. Bb2 e5 4. Bc4 Nf6 5. d3 d6 6. Nc3 a6 7. a4 Be7 8. Nge2 Rb8 9. 0-0 Nd4 10. Nxd4 cxd4 11. Nd5 Nxd5 12. Bxd5 0-0 13. f4 exf4 14. Bxd4 Bf6 15. Bxf6 Qxf6 16. Qf3 g5 17. Rae1 Qd4+ 18. Kh1 Be6 19. Qh5 Qg7 20. Bxe6 fxe6 21. Qg4 Rbe8 22. d4 Kh8 23. e5 d5 24. Rf3 Qg6 25. c3 Qf5 26. Qxf5 Rxf5 27. c4 Rd8 28. c5 g4 29. Rd3 a5 30. Kg1 Kg7 31. Rb1 Rf7 32. b4 axb4 33. Rxb4 Kg6 34. Kf2 h5 35. Rdb3 Ra8 36. Ke2 Kf5 37. Rb1 Ra7 38. Kd3 Kg5 39. Rf1 h4 40. Ke2 Rf8 41. h3 Rfa8 42. Ra1 gxh3 43. gxh3 Kf5 44. Kf2 Rg8 45. a5 Rg3 46. c6 bxc6 47. a6 Rag7 48. Raa4 Rg1 49. a7 Ke4 0-1

[Event "CZE-chT2B 1617"]
[Site "Czech Republic"]
[Date "2016.12.11"]
[Round "5.2"]
[White "Kuba, Jindrich"]
[Black "Kaderabek, Jiri"]
[Result "1-0"]
[WhiteElo "2263"]
[BlackElo "2103"]
[PlyCount "95"]
[EventDate "2016.10.09"]
[EventType "team-tourn"]
[EventRounds "11"]
[EventCountry "CZE"]
[SourceTitle "EXT 2022"]
[Source "ChessBase"]
[SourceDate "2021.10.06"]
[SourceVersion "1"]
[SourceVersionDate "2021.10.06"]
[SourceQuality "1"]
[WhiteTeam "Bartos Unichess II"]
[BlackTeam "Bakov nad Jizerou"]
[WhiteTeamCountry "CZE"]
[BlackTeamCountry "CZE"]

1. e4 c5 2. Nf3 e6 3. d4 cxd4 4. Nxd4 Nf6 5. Nc3 d6 6. g4 Be7 7. g5 Nfd7 8. h4 a6 9. Bg2 b5 10. e5 d5 11. Qe2 Bb7 12. Bf4 Nc6 13. 0-0-0 Nc5 14. Nb3 Nxb3+ 15. cxb3 Rc8 16. Kb1 Qa5 17. Bd2 Qb6 18. f4 Qc5 19. Rc1 Qb6 20. Rhe1 Rd8 21. Qg4 Nb4 22. Bf1 g6 23. a3 Nc6 24. b4 d4 25. Ne4 a5 26. Nd6+ Bxd6 27. exd6 0-0 28. bxa5 Nxa5 29. Bb4 Nb3 30. Rc2 Rxd6 31. Qg3 Bd5 32. f5 Rc6 33. Bd3 Rfc8 34. f6 Nc5 35. Rec1 Na6 36. Be7 Bc4 37. h5 Qc7 38. Qxc7 R6xc7 39. Bxc4 Rxc4 40. hxg6 fxg6 41. b3 Rxc2 42. Rxc2 Rxc2 43. Kxc2 e5 44. Bd6 e4 45. b4 Kf7 46. Kd2 Ke6 47. Be5 d3 48. Bf4 1-0

[Event "CZE-chT1W 1516"]
[Site "Czech Republic"]
[Date "2016.04.10"]
[Round "11.4"]
[White "Richtrova, Eliska"]
[Black "Kuba, Jindrich"]
[Result "1/2-1/2"]
[WhiteElo "2217"]
[BlackElo "2278"]
[PlyCount "134"]
[EventDate "2015.10.11"]
[EventType "team-tourn"]
[EventRounds "11"]
[EventCountry "CZE"]
[SourceTitle "EXT 2017"]
[Source "ChessBase"]
[SourceDate "2016.10.25"]
[SourceVersion "1"]
[SourceVersionDate "2016.10.25"]
[SourceQuality "1"]
[WhiteTeam "Ceske Budejovice"]
[BlackTeam "Unichess"]
[WhiteTeamCountry "CZE"]
[BlackTeamCountry "CZE"]

1. e4 c5 2. Nc3 Nc6 3. g3 Nf6 4. Bg2 d6 5. Nge2 e5 6. Nd5 Nxd5 7. exd5 Nd4 8. c3 Nxe2 9. Qxe2 Be7 10. 0-0 0-0 11. d3 Bf6 12. Bd2 Bd7 13. Rab1 a5 14. a3 a4 15. c4 Qb6 16. Bc3 Rae8 17. Qc2 Qb3 18. Qd2 b5 19. cxb5 Qxb5 20. f4 g6 21. Be4 Bh3 22. Rf2 Qd7 23. b4 axb3 24. Rxb3 Bg7 25. Qb2 Qg4 26. Bf3 Qf5 27. Be4 Qh5 28. Bf3 Qh6 29. Bg2 Bf5 30. Be4 c4 31. Rb6 cxd3 32. Bxf5 gxf5 33. fxe5 Bxe5 34. Bxe5 Rxe5 35. Qd4 Qc1+ 36. Kg2 Qc5 37. Qxc5 dxc5 38. d6 Rd5 39. Rd2 Rd8 40. Rb3 c4 41. Rc3 Rd4 42. a4 R8xd6 43. a5 Ra6 44. Ra3 Rd5 45. Rc3 Rd4 46. Ra3 Kg7 47. Kf2 Kf6 48. Ke1 Re4+ 49. Kd1 Re5 50. Rda2 Ke6 51. Kd2 Re2+ 52. Kc3 Rxa2 53. Rxa2 Kd5 54. Rf2 Ke4 55. Rf4+ Ke3 56. Rxf5 Re6 57. Rd5 Ke2 58. g4 f6 59. h4 h6 60. g5 fxg5 61. hxg5 hxg5 62. Rxg5 Rc6 63. Re5+ Kf3 64. Re8 Rd6 65. Kd2 c3+ 66. Kd1 d2 67. Rc8 Ra6 1/2-1/2

[Event "CZE-chT1W 1516"]
[Site "Czech Republic"]
[Date "2016.02.14"]
[Round "8.8"]
[White "Kuba, Jindrich"]
[Black "Vokoun, Jan"]
[Result "1-0"]
[WhiteElo "2278"]
[BlackElo "2117"]
[PlyCount "111"]
[EventDate "2015.10.11"]
[EventType "team-tourn"]
[EventRounds "11"]
[EventCountry "CZE"]
[SourceTitle "CBM 170 Extra"]
[Source "ChessBase"]
[SourceDate "2016.02.25"]
[SourceVersion "1"]
[SourceVersionDate "2016.02.25"]
[SourceQuality "1"]
[WhiteTeam "Unichess"]
[BlackTeam "Praha Pankrac"]
[WhiteTeamCountry "CZE"]
[BlackTeamCountry "CZE"]

1. e4 b6 2. d4 Bb7 3. Nc3 e6 4. Bd3 Bb4 5. Nge2 c5 6. Be3 Nf6 7. a3 Bxc3+ 8. Nxc3 cxd4 9. Bxd4 Nc6 10. Be3 d5 11. Bg5 d4 12. Ne2 Qd6 13. Qd2 a6 14. f3 Nd7 15. Rd1 b5 16. c3 dxc3 17. Qxc3 Qe5 18. Qd2 Qc7 19. Bb1 Nde5 20. Qc3 f6 21. Bf4 Qe7 22. Ba2 Rc8 23. 0-0 Nd8 24. Qd4 Nc4 25. Bd6 Nxd6 26. Qxd6 Rc2 27. Nf4 Rxb2 28. Bxe6 Nxe6 29. Nxe6 Qxd6 30. Rxd6 Ke7 31. Rfd1 Bc8 32. Nf4 Rc2 33. R6d4 Re8 34. a4 bxa4 35. Rxa4 Kf7 36. h4 g5 37. hxg5 fxg5 38. Nd5 Rd8 39. Rb1 Rd6 40. Ra5 h6 41. Kh2 Ke6 42. Kg3 Rdc6 43. Rh1 R6c5 44. Rxh6+ Ke5 45. Rxc5 Rxc5 46. Rh5 a5 47. Rxg5+ Kd4 48. Rg7 Ba6 49. Ra7 Rc6 50. Kf4 Kc5 51. Nc7 Bc8 52. Nd5 Kb5 53. Ke3 a4 54. Kd2 Ra6 55. Nc7+ Kb6 56. Rxa6+ 1-0

[Event "CZE-chT2A 1516"]
[Site "Czech Republic"]
[Date "2016.02.07"]
[Round "7.4"]
[White "Filipi, Stepan"]
[Black "Kuba, Jindrich"]
[Result "1/2-1/2"]
[WhiteElo "2156"]
[BlackElo "2264"]
[PlyCount "21"]
[EventDate "2015.10.18"]
[EventType "team-tourn"]
[EventRounds "11"]
[EventCountry "CZE"]
[SourceTitle "EXT 2022"]
[Source "ChessBase"]
[SourceDate "2021.10.06"]
[SourceVersion "1"]
[SourceVersionDate "2021.10.06"]
[SourceQuality "1"]
[WhiteTeam "Vysehrad II"]
[BlackTeam "Unichess III"]
[WhiteTeamCountry "CZE"]
[BlackTeamCountry "CZE"]

1. e4 c5 2. Nf3 Nc6 3. d4 cxd4 4. Nxd4 e6 5. Nc3 Nf6 6. Ndb5 d6 7. Bf4 Ne5 8. Bxe5 dxe5 9. Qxd8+ Kxd8 10. 0-0-0+ Bd7 11. Nd6 1/2-1/2